Visualizzazione normale
Vista MARC
- Federici Ajroldi, Giovanna
di Personal Name
Records bibliografici associati: 1
001 - CONTROL NUMBER
- control field: 54812
003 - CONTROL NUMBER IDENTIFIER
- control field: IT-RoINE
005 - DATE AND TIME OF LATEST TRANSACTION
- control field: 20181127054954.0
008 - FIXED-LENGTH DATA ELEMENTS
- fixed length control field: 181127|| aca||aabn | a|a d
040 ## - CATALOGING SOURCE
- Original cataloging agency: IT-RoINE
- Transcribing agency: IT-RoINE
100 ## - HEADING--PERSONAL NAME
- Personal name: Federici Ajroldi, Giovanna
670 ## - SOURCE DATA FOUND
- Source citation: Work cat.: (IT-RoINE)0: Gräf, Richard, C.S.Sp., 1899-1977 54811, Sì, Padre /, 1953.